Statistics for Top 10 Least Populated Countries

Click here to take the quiz!

General Stats

  • This quiz has been taken 21 times
  • The average score is 7 of 10

Answer Stats

HintAnswer% Correct
799Vatican
95%
11,232Nauru
84%
34,037San Marino
84%
39,135Liechtenstein
79%
39,684Monaco
79%
53,327Marshall Islands
74%
11,722Tuvalu
74%
22,927Palau
68%
57,713Saint Kitts
63%
75,748Dominica
47%

Score Distribution

Percentile by Number Answered

Percent of People with Each Score

Your Score History

You have not taken this quiz